Thế giới nghệ thuật thơ Lê Thị Mây

Hành trình sáng tạo và khuynh hướng thể nghiệm nghệ thuật của Lê Thị Mây. Thế giới nghệ thuật thơ Lê Thị Mây - nhìn từ hình tượng cái tôi trữ tình. Thế giới nghệ thuật thơ Lê Thị mây - nhìn từ phương thức trữ tình

保存先:
書誌詳細
第一著者: Hoàng Thị Khánh Ly
その他の著者: Hồ Thế Hà PGS.TS (Hướng dẫn)
フォーマット: 図書
言語:Vietnamese
出版事項: Đà Nẵng Đại học Đà Nẵng 2009
主題:
タグ: タグ追加
タグなし, このレコードへの初めてのタグを付けませんか!
Thư viện lưu trữ: Mạng thư viện Đại học Đà Nẵng
LEADER 01651nam a2200349 4500
001 000010673
003 6881
005 20111216141211.0
008 111216s2009 viesd
041 |a vie 
072 |a Luận văn Thạc sĩ khoa học xã hội và nhân văn 
082 |a 895.9221  |b HO-L 
100 1 |a Hoàng Thị Khánh Ly 
245 1 |a Thế giới nghệ thuật thơ Lê Thị Mây  |c Hoàng Thị Khánh Ly 
260 |a Đà Nẵng  |b Đại học Đà Nẵng  |c 2009 
300 |a 98 tr  |c 29 cm 
500 |a Luận văn Thạc sĩ Khoa học xã hội và nhân văn. Chuyên ngành: Văn học Việt Nam. Mã số: 60.22.34 
520 |a Hành trình sáng tạo và khuynh hướng thể nghiệm nghệ thuật của Lê Thị Mây. Thế giới nghệ thuật thơ Lê Thị Mây - nhìn từ hình tượng cái tôi trữ tình. Thế giới nghệ thuật thơ Lê Thị mây - nhìn từ phương thức trữ tình 
653 |a Lê Thị Mây - từ cuộc đời đến trang viết 
653 |a Luận văn Thạc sĩ Văn học Việt Nam 
653 |a Giọng điệu thơ 
700 1 |a Hồ Thế Hà  |c PGS.TS  |e Hướng dẫn 
OWN |a LSP 
AVA |a UDN50  |b LSP  |d 895.9221 HO-L  |e available  |t Error 5001 Not defined in file expand_doc_bib_avail.  |f 1  |g 0  |h N  |i 0  |k 1 
999 |a From the UDN01 
AVA |a UDN50  |b LSP  |d 895.9221 HO-L  |e available  |t Error 5001 Not defined in file expand_doc_bib_avail.  |f 1  |g 0  |h N  |i 0  |k 1 
TYP |a Monograph 
TYP |a Printed language 
980 |a Mạng thư viện Đại học Đà Nẵng